000 00712nam a22002417a 4500
003 UA-OsUOA
001 127494
007 ta
008 20171204b un ||||| |||| 00| 0 ukr d
100 _aЛегкий М.
090 _a82.09(477)
_bЛ38
942 _cBK
040 _aUA-OsUOA
_bukr
_cUA-OsUOA
_dUA-OsUOA
245 _aФорми художнього викладу в малій прозі Івана Франка
300 _a160 с.
955 _a2
041 _aukr
080 _a82.09(477)
020 _a966-02-0996-7
260 _aЛьвів
_bЛВІЛ імю Т. Г. Шевченка
_c1999
650 7 _a82 Література. Літературознавство
_2UDC
999 _c414748
_d414748